Triết học giáo dục Việt Nam

Trình bày một số vấn đề chung về triết học giáo dục. Tìm hiểu triết học giáo dục Đông - Tây, triết lí giáo dục Việt Nam thời phong kiến cũng như từ Cách mạng tháng Tám đến nay, một số vấn đề cấp bách của giáo dục Việt Nam hiện nay...

Celý popis

Uloženo v:
Podrobná bibliografie
Hlavní autor: Thái Duy Tuyên
Médium: Kniha
Jazyk:Vietnamese
Vydáno: H. Đại học Sư phạm 2013
Vydání:In lần thứ 3
Témata:
Tagy: Přidat tag
Žádné tagy, Buďte první, kdo otaguje tento záznam!
Thư viện lưu trữ: Mạng thư viện Đại học Đà Nẵng
LEADER 01545aam a22003738a 4500
001 000023200
003 19650
005 20150605090603.0
008 150604s2013 viesd
020 |c 59000  |d 500b 
041 0 |a vie 
082 1 4 |2 14  |a 370.1  |b TH-T 
100 1 |a Thái Duy Tuyên 
245 1 0 |a Triết học giáo dục Việt Nam  |c Thái Duy Tuyên 
250 |a In lần thứ 3 
260 |a H.  |b Đại học Sư phạm  |c 2013 
300 |a 190 tr.  |b hình vẽ, bảng  |c 24 cm. 
504 |a Thư mục: tr. 189-190 
520 |a Trình bày một số vấn đề chung về triết học giáo dục. Tìm hiểu triết học giáo dục Đông - Tây, triết lí giáo dục Việt Nam thời phong kiến cũng như từ Cách mạng tháng Tám đến nay, một số vấn đề cấp bách của giáo dục Việt Nam hiện nay 
650 0 4 |2 Bộ TK TVQG  |a Triết học  |x Giáo dục 
650 0 4 |2 Bộ TK TVQG  |a Giáo dục Việt Nam  |x Triết học 
651 7 |2 Bộ TK TVQG  |a Việt Nam 
653 |a Giáo dục Việt Nam 
653 |a Triết học 
OWN |a LSP 
AVA |a UDN50  |b LSP  |d 370.1 TH-T  |e available  |t Error 5001 Not defined in file expand_doc_bib_avail.  |f 5  |g 0  |h N  |i 0  |k 1 
999 |a From the UDN01 
AVA |a UDN50  |b LSP  |d 370.1 TH-T  |e available  |t Error 5001 Not defined in file expand_doc_bib_avail.  |f 5  |g 0  |h N  |i 0  |k 1 
TYP |a Monograph 
TYP |a Printed language 
980 |a Mạng thư viện Đại học Đà Nẵng